|
|
|
|
| LEADER |
00000nam a2200000 a 4500 |
| 001 |
vtls001402673 |
| 003 |
SK-MaSNL |
| 005 |
20260302001215.0 |
| 008 |
240226s2000 xo a r y slo |
| 015 |
|
|
|a SNBA2001/02-00645
|
| 020 |
|
|
|a 8080413495
|
| 035 |
|
|
|a SNK000357217
|
| 035 |
|
|
|a urn:nbn:sk:snk-amyb5u
|
| 035 |
|
|
|a urn:nbn:sk:snk-am00c8q7
|
| 035 |
|
|
|a 6EFC1A29-AA59-4EB1-9C84-B90C330B887C
|
| 040 |
|
|
|a SNK
|b slo
|c SNK
|e AACR2
|
| 041 |
0 |
|
|a slo
|
| 044 |
|
|
|a xo
|c SK
|
| 080 |
|
|
|a 681.32(072)
|2 1981
|
| 245 |
0 |
|
|a Základy informatiky
|n 2
|c [autori: Ján Kolenička ... [et al.]]
|
| 260 |
|
|
|a Banská Bystrica
|b Metodické centrum
|c 2000
|
| 300 |
|
|
|a 38 s.
|c 29 cm
|
| 500 |
|
|
|a Údaj o aut. prevzatý z rubu tit. strany
|
| 500 |
|
|
|a 300 výt.
|
| 504 |
|
|
|a Bibliogr. s. 38
|
| 650 |
0 |
7 |
|a informatika
|x príručky metodické
|2 SNK
|9 390048
|
| 650 |
0 |
7 |
|a technika výpočtová
|x príručky metodické
|2 SNK
|9 390049
|
| 655 |
|
7 |
|a príručky
|2 SNK
|9 74364
|
| 700 |
1 |
|
|a Kolenička, Ján,
|d 1939-
|4 aut
|9 198236
|
| 700 |
1 |
|
|a Sudolská, Miloslava
|4 aut
|9 12956
|
| 700 |
1 |
|
|a Trajteľ, Ľudovít,
|d 1954-
|4 aut
|9 219899
|
| 700 |
1 |
|
|a Horváthová, Dana,
|d 1965-
|4 aut
|9 205606
|
| 919 |
|
|
|a 80-8041-349-5
|
| 958 |
|
|
|a TL
|
| 958 |
|
|
|a NB
|
| 958 |
|
|
|a BQ
|
| 999 |
|
|
|c 982943
|d 984873
|
| 952 |
|
|
|t P60, <03>, [BOOK], {603}
|a SNK
|b SNK
|y PREZ
|7 0
|p 17A0261576
|o snkSB 62740/2
|i snkKSP 13043/2000
|0 0
|1 0
|4 0
|d 2000-12-12
|f 1
|l 0
|r 2025-04-14 00:00:00
|w 2026-02-24
|
| 952 |
|
|
|t P60, <04>, [BOOK], {604}
|a SNK
|b SNK
|y VYP
|7 0
|p 17A0261577
|o snkSB 62740/2 D1
|i snkKSP 13044/2000
|0 0
|1 0
|4 0
|d 2000-12-12
|l 0
|r 2005-01-02 00:00:00
|w 2026-02-24
|